=LDR 00000nam 2200000 4500 =001 INLIS000000000004986 =005 20130612093238 =008 ***********************************Ind** =035 ##$$0010-061300000004986 =041 ##$$a Ind =082 ##$$a 448 =090 ##$$a 448, Ble o =100 ##$$a BLED, O =245 ##$$a Ortografi Bahasa Prancis / oleh O. Bleid; Diterjemahkan oleh Denny Mahluddin. -- Cet.1. -- =260 ##$$a 1993 $b Jakarta : Kesaint Blanc =300 ##$$a ix, 221 hlm. ; 21 cm =650 ##$$a Bahasa Prancis - Ortografi =700 ##$$a MAHLUDDIN, Denny =850 ##$$a NBPNMAT